| 000 | 01650cab a2200229 4500 | ||
|---|---|---|---|
| 001 | ABS48254 | ||
| 008 | 090401t1993 xxu||||| |||| 00| 0 eng d | ||
| 035 | _a(Sirsi) u65731 | ||
| 041 | _aeng | ||
| 245 | _aHammond v Allen and others | ||
| 260 | _c1993 | ||
| 350 | _a0 | ||
| 490 |
_aEstates Gazette _v(1993) 08 EG 122-125(4) |
||
| 520 | _aQBD 10 July 1992. The plaintiff, H, was the tenant of a farm on an agricultural tenancy for over 30 years and the defendants X are his landlords. The tenancy was taken by an oral agreement and H lives in the farmhouse. Over the years the farmhouse has fallen into serious disrepair and it is estimated that the cost of repair would be about £35,000. H does not have such a sum, cannot borrow it and contends that repairs are X`s responsibility. It is agreed that by virtue of Agricultural Holdings Act 1986 s7 the Fixed Equipment Model Clauses set out in Agricultural (Maintenance, repair and insurance of fixed equipment) Regulations 1973 (SI 1973:1473) are `deemed to be incorporated` in H`s contract of tenancy. By clause 1(1) of that the landlord has the right and liability for `all repairs and replacements to the under mentioned parts of the farmhouse`. H served a notice dated 12 January 1990 requesting X to make the necessary repairs. After a three month period H were entitled to do the | ||
| 650 | _aAGRICULTURAL (MAINTENANCE REPAIR AND INSURANCE OF FIXED EQUIPMENT) | ||
| 650 | _aAGRICULTURAL HOLDINGS ACT 1986 S7 | ||
| 650 | _aFIXED EQUIPMENT MODEL CLAUSES | ||
| 650 | _aREPAIRS | ||
| 690 | _aLANDLORD AND TENANT-CASE LAW-AGRICULTURAL TENANCIES | ||
| 942 | _n0 | ||
| 948 | _c04/03/1997 | ||
| 999 |
_c41023 _d41023 |
||